| 000 | 00386nam a2200157Ia 4500 | ||
|---|---|---|---|
| 008 | 230524s9999 xx 000 0 und d | ||
| 082 |
_a621.381 _bGHO |
||
| 100 | _aA.Ghosh | ||
| 245 | 0 | _aIntroduction to Instrumentation and Control | |
| 250 | _a1ST | ||
| 260 |
_aNEW DELHI _bPHI _c2004 |
||
| 300 | _aXVII;625 | ||
| 500 | _aQuantity Number: 2 | ||
| 650 | _aElectronics | ||
| 942 | _cBK | ||
| 999 |
_c14741 _d14741 |
||